000 01375nam a2200373 i 4500
001 12579
003 KOSZ 005
005 20200511104039.0
008 070729s1970 pl a f 001 0 pol
015 _aPB 1970/3533
040 _aWA N
_cWA N
_dKOSZ 005/RW
_dKOSZ 005/HR
046 _k1970
080 _a681
080 _a(083.1)
245 0 0 _aPoradnik konstruktora przyrządów precyzyjnych i drobnych :
_bpraca zbiorowa /
_cpod kierunkiem Władysława Trylińskiego ; [autorzy Jerzy Biedrzycki et al.].
260 _aWarszawa :
_bWydawnictwa Naukowo-Techniczne,
_c1970.
300 _a628 stron :
_bilustracje, errata ;
_c23 cm.
336 _aTekst
_btxt
_2rdacontent
337 _aBez urządzenia pośredniczącego
_bn
_2rdamedia
338 _aWolumin
_bnc
_2rdacarrier
380 _aKsiążki.
388 _a1901-2000
504 _aBibliografia przy rozdziałach. Indeks.
650 4 _aMechanika precyzyjna
650 4 _aKonstrukcje
650 4 _aUrządzenia
655 4 _aPoradnik
658 _aInżynieria i technika
700 1 _aTryliński, Władysław
_d(1907-2000)
_eRedakcja
700 1 _aBiedrzycki, Jerzy
_eAutor
710 2 _aWydawnictwa Naukowo-Techniczne
_4pbl.
856 _uhttp://koha.tu.koszalin.pl/cgi-bin/koha/opac-detail.pl?biblionumber=12579
_yKatalog online BPK
942 _2UKD
_cKS
999 _c12579
_d12579